| 000 | 01049nam a2200301 a 4500 | ||
|---|---|---|---|
| 001 | BRCA_1643 | ||
| 005 | 20190320203505.0 | ||
| 008 | 920603s1992 nyua---##b---#001-0#eng-d | ||
| 020 | _a0870996479 | ||
| 020 | _a0870996487 | ||
| 020 | _a0810964163 (Abrams) | ||
| 040 |
_aDLC _cDLC _dDLC |
||
| 041 | _aeng | ||
| 044 | _anyu | ||
| 050 | 4 |
_aND813.R5 _b.P47 1992 |
|
| 100 | 1 |
_aPérez Sánchez, Alfonso E. _92166 |
|
| 245 | 1 | 0 |
_aJusepe de Ribera _b1591-1652 _cAlfonso E. Pérez Sánchez and Nicola Spinosa. |
| 260 |
_aNew York _bThe Metropolitan Museum of Art : Harry N. Abrams _c1992 |
||
| 300 |
_axiv, 290 p. _bil. (algunas a color) _c31 cm. |
||
| 500 | _aIncluye índice alfabético | ||
| 500 | _aCatálogo de la exposición realizada en The Metropolitan Museum (New York), 18 septiembre - 29 de noviembre, 1992 | ||
| 500 | _aTítulo del lomo: Ribera | ||
| 504 | _aBibliografía: p. 263-276 | ||
| 600 | 1 | 4 |
_aRibera, José de _d1591-1652 _vExposiciones _95134 |
| 700 | 1 |
_aSpinosa, Nicola _ecoaut. _95135 |
|
| 740 | 0 | _aRivera | |
| 942 |
_2lcc _cB |
||
| 999 |
_c1442 _d1442 |
||